Numbers in German - Statistics

General Stats
  • This quiz has been taken 3,047 times
    2,924 since last reset
  • The average score is 35 of 50
Answer Stats
Hint Answer % Correct
3 drei
96%
2 zwei
96%
5 fünf
94%
1 eins
93%
7 sieben
92%
8 acht
91%
4 vier
91%
9 neun
90%
6 sechs
90%
10 zehn
87%
11 elf
84%
13 dreizehn
80%
15 fünfzehn
80%
14 vierzehn
80%
12 zwölf
80%
18 achtzehn
78%
19 neunzehn
78%
20 zwanzig
77%
16 sechzehn
76%
17 siebzehn
76%
21 einundzwanzig
71%
23 dreiundzwanzig
69%
22 zweiundzwanzig
69%
25 fünfundzwanzig
67%
24 vierundzwanzig
67%
28 achtundzwanzig
66%
29 neunundzwanzig
66%
26 sechsundzwanzig
66%
27 siebenundzwanzig
65%
50 fünfzig
63%
40 vierzig
63%
41 einundvierzig
58%
42 zweiundvierzig
58%
48 achtundvierzig
57%
43 dreiundvierzig
57%
45 fünfundvierzig
57%
49 neunundvierzig
57%
46 sechsundvierzig
57%
47 siebenundvierzig
57%
44 vierundvierzig
57%
30 dreißig
53%
33 dreiunddreißig
51%
31 einunddreißig
51%
34 vierunddreißig
51%
32 zweiunddreißig
51%
38 achtunddreißig
50%
35 fünfunddreißig
50%
39 neununddreißig
50%
36 sechsunddreißig
50%
37 siebenunddreißig
50%
No matching quizzes found
Score Distribution
Percent of People with Each Score
Percentile by Number Answered
Your Score History
You have not taken this quiz since the last reset